| 000 | 00500nam a2200145 i 4500 | ||
|---|---|---|---|
| 001 | 163485 | ||
| 003 | ES-MaACL | ||
| 005 | 20230906212740.0 | ||
| 008 | 931025s1900 it |||| | ita d | ||
| 100 | 1 |
_aRicca-Salarno, Giuseppe. _9131789 |
|
| 245 | 1 | 3 |
_aLa teoria del salario nella storia delle dottrine e dei fatti economici / _cdi Giuseppe Ricca-Salermo. |
| 260 |
_aPalermo : _bAlberto Reber, _c1900 ( _fStab. Tip. Virzi) |
||
| 300 |
_a687 p. ; _c24 cm. |
||
| 852 |
_aES-MaACL _jF-9959 _z-- Enc. hol. |
||
| 999 |
_c163485 _d163485 |
||